Las representaciones sociales del medio ambiente : el papel de la fotografía /

Este estudio se centra en el papel de la fotografía en la construcción de la representación social (RS) del medio ambiente. En este trabajo se presentan los resultados del análisis de las referencias fotográficas utilizadas para ilustrar y/o acompañar tales noticias.\Se analizó una muestra de 266 fo...

Full description

Bibliographic Details
Main Author: Castrechini, Angela
Other Authors: Pol, Enric, Vidal, Tomeu
Format: Analitica de revista
Language:Spanish
Published: Madrid, España Fundación Infancia y Aprendizaje 2007

MARC

LEADER 00000cab a2200000 a 4500
001 041414
003 UAHC_CL
005 20170803124554.0
008 071106s2007 sp 000 spa
040 |a UAHC_CL  |c UAHC_CL  |d UAHC_CL 
100 1 |a Castrechini, Angela 
245 1 4 |a Las representaciones sociales del medio ambiente :  |b el papel de la fotografía /  |c Angela Castrechini, Enric Pol y Tomeu Vidal. 
260 |b Fundación Infancia y Aprendizaje  |a Madrid, España  |c 2007 
300 |a p. 267-277 
500 |a Revista de Psicología Social (España) 2007, vol 22 (3). p. 267-277. 
500 |a Revista de Psicología Social (España) 2007, vol 22 (3). p. 267-277. 
520 |a Este estudio se centra en el papel de la fotografía en la construcción de la representación social (RS) del medio ambiente. En este trabajo se presentan los resultados del análisis de las referencias fotográficas utilizadas para ilustrar y/o acompañar tales noticias.\Se analizó una muestra de 266 fotografías procedentes de dos diarios: La Vanguardia y El País en su edición barcelonesa. El período de estudio comprendió dese el año 1992 hasta el 2002. El procedimiento consistió en categorizar los diferentes temas contenidos en las fotografías. Para su categorización no se partió de un sistema de categorías establecido a priori, sino que éste se fue construyendo a partir de la información proporcionada por el propio material analizado. Se obtuvieron cuatro categorías principales: actores sociales, paisajes, afectación del medio ambiente y acciones sociales.\Destaca una presencia mayoritaria de figuras políticas que puede reflejar el uso (y abuso) interesado de la prensa de algunas fuentes informativas y/o la hegemonía de una fuente por encima de las otras. Por otra parte, es de resaltar la alta presencia de fotografías de escenarios urbanos. Ello puede estar indicando un cambio en la representación social del medio ambiente, históricamente referido al paisaje natural y reflejo de la asociación tradicional entre naturaleza y conservacionismo. Las pruebas estadísticas realizadas muestran la existencia de diferencias significativas en cuanto al tipo de tema contenido en las fotografías a lo largo del período analizado. 
520 |a Este estudio se centra en el papel de la fotografía en la construcción de la representación social (RS) del medio ambiente. En este trabajo se presentan los resultados del análisis de las referencias fotográficas utilizadas para ilustrar y/o acompañar tales noticias.\Se analizó una muestra de 266 fotografías procedentes de dos diarios: La Vanguardia y El País en su edición barcelonesa. El período de estudio comprendió dese el año 1992 hasta el 2002. El procedimiento consistió en categorizar los diferentes temas contenidos en las fotografías. Para su categorización no se partió de un sistema de categorías establecido a priori, sino que éste se fue construyendo a partir de la información proporcionada por el propio material analizado. Se obtuvieron cuatro categorías principales: actores sociales, paisajes, afectación del medio ambiente y acciones sociales.\Destaca una presencia mayoritaria de figuras políticas que puede reflejar el uso (y abuso) interesado de la prensa de algunas fuentes informativas y/o la hegemonía de una fuente por encima de las otras. Por otra parte, es de resaltar la alta presencia de fotografías de escenarios urbanos. Ello puede estar indicando un cambio en la representación social del medio ambiente, históricamente referido al paisaje natural y reflejo de la asociación tradicional entre naturaleza y conservacionismo. Las pruebas estadísticas realizadas muestran la existencia de diferencias significativas en cuanto al tipo de tema contenido en las fotografías a lo largo del período analizado. 
700 1 |a Pol, Enric 
700 1 |a Vidal, Tomeu 
759 |a PP142 
773 0 |t Revista de sociología  |w 041937 
900 |a REV. PSICOL. SOC.-03/07 
942 |c REVA 
952 |0 0  |1 0  |4 0  |6 REV___PSICOL__SOC_03_07_000000000000000  |7 0  |8 General  |9 77745  |a BC  |b BC  |c General  |d 2017-08-03  |l 0  |o REV. PSICOL. SOC.-03/07  |p FICTICIO6917  |r 2019-01-08 00:00:00  |t 1  |w 2017-08-03  |y REVA 
999 |c 41414  |d 41414